000 01136cam a2200325 a 4500
999 _c2011
_d2011
003 BD-JhCC
005 20171028172153.0
008 061228s2007 cau b a 001 0 eng
020 _a9780787984915
035 _a(BD-JhCC)
040 _aDLC
_cDLC
_dDLC
041 _aeng
050 0 0 _aHD57.7
_b.K68 2007
082 0 0 _a658.4/092
_222
_bKOU 2007
100 1 _aKouzes, James M.,
_d1945-
245 1 4 _aThe leadership challenge /
_cJames M. Kouzes, Barry Z. Posner.
250 _a4th ed.
260 _aSan Francisco, CA :
_bJossey-Bass,
_cc2007.
300 _axvii, 389 p. ;
_c24 cm.
504 _aIncludes bibliographical references (p. 352-368) and index.
650 0 _aLeadership.
650 0 _aExecutive ability.
650 0 _aManagement.
700 1 _aPosner, Barry Z.
856 4 1 _3Table of contents only
_uhttp://www.loc.gov/catdir/toc/ecip077/2006103359.html
856 4 2 _3Contributor biographical information
_uhttp://www.loc.gov/catdir/enhancements/fy0826/2006103359-b.html
856 4 2 _3Publisher description
_uhttp://www.loc.gov/catdir/enhancements/fy0826/2006103359-d.html
942 _2ddc
_cBK